Propiciaron los CETES reuniones pedagógicas regionales en 20 entidades federativas con más de 43 mil mentores : Consejos Estatales Técnicos de la Educación (Record no. 75224)
[ view plain ]
| 000 -CABECERA | |
|---|---|
| campo de control de longitud fija | 00633nam a2200181 a 4500 |
| 005 - FECHA Y HORA DE LA ÚLTIMA TRANSACCIÓN | |
| campo de control | 20210219153354.0 |
| 008 - ELEMENTOS DE LONGITUD FIJA--INFORMACIÓN GENERAL | |
| campo de control de longitud fija | 991125n 000 0 u |
| 035 ## - NÚMERO DE CONTROL DEL SISTEMA | |
| Número de control de sistema | UPN01000094705 |
| 222 ## - TÍTULO CLAVE | |
| Título clave | EDUCACION : |
| Información calificativa | REVISTA DEL CONSEJO NACIONAL TECNICO DE LA EDUCACION |
| 245 ## - MENCIÓN DE TÍTULO | |
| Título | Propiciaron los CETES reuniones pedagógicas regionales en 20 entidades federativas con más de 43 mil mentores : Consejos Estatales Técnicos de la Educación |
| 300 ## - DESCRIPCIÓN FÍSICA | |
| Extensión | 115-116 |
| 362 ## - FECHAS DE PUBLICACIÓN Y/O DESIGNACIÓN SECUENCIAL | |
| Fecha de publicación y/o designación secuencial | 1987-1988 5a época, vol. 9, no. 44, dic.-feb. |
| 653 0# - TERMINO DE INDIZACION - NO CONTROLADO | |
| Término no controlado | CETES |
| 653 0# - TERMINO DE INDIZACION - NO CONTROLADO | |
| Término no controlado | CNTE |
| 653 0# - TERMINO DE INDIZACION - NO CONTROLADO | |
| Término no controlado | MAESTROS |
| 904 ## - ELEMENTOS DE DATOS D LOCAL, LDD (RLIN) | |
| a | AC |
| b | 032516 |
| 905 ## - TIPO DE MATERIAL | |
| Tipo de material | Articulo |
No items available.
